000 00830nam a22002177a 4500
003 UA-OsUOA
001 79009
007 ta
008 20111027b un ||||| |||| 00| 0 ukr d
100 _aКоханова І.О.
090 _a659
_bК75
942 _cSA
040 _aUA-OsUOA
_bukr
_cUA-OsUOA
_dUA-OsUOA
245 _aОсновні засади реформування докуменьів як сфери практичної діяльності
300 _aС.59-64
955 _a0
041 _aukr
080 _a659
773 0 _w79001
_tБібліотекознавство. Документознавство. Інформологія
_d2011
_d2
650 7 _a659 Реклама. Система інформації. Громадська інформація та реклама (Паблик-Рилейшнз)
_2UDC
999 _c365327
_d365327